| 000 | 00407nam a2200157Ia 4500 | ||
|---|---|---|---|
| 008 | 230917s9999||||xx |||||||||||||| ||und|| | ||
| 040 |
_e205537 _aMAIN |
||
| 041 | _aEnglish | ||
| 082 | _a658.3 S81S(2) | ||
| 100 | _aSchuler, Randall S | ||
| 245 | 0 | _aStrategic human resource management | |
| 250 | _a2nd ed. | ||
| 260 |
_aNew Delhi _bBlackwell Publishing _c2007 |
||
| 300 | _axviii, 478 p. | ||
| 942 | _cBK | ||
| 999 |
_c175570 _d175570 |
||